Estadísticas para Banderas Similares #1

Haz click aquí para intentar la prueba.

Estadísticas generales

  • Esta prueba ha sido intentada 4.790 veces
  • La puntuación promedio es 20 de 23

Estadísticas de respuestas

BanderaPaís% Correcto
Estados Unidos
100%
Australia
98%
Colombia
97%
Rusia
97%
Argentina
96%
Turquía
96%
Ecuador
95%
Nueva Zelanda
95%
Países Bajos
95%
Uruguay
95%
Catar
92%
Rumania
92%
Andorra
91%
Luxemburgo
89%
Túnez
89%
Costa Rica
88%
Tailandia
85%
Moldavia
82%
Baréin
77%
Liberia
74%
Chad
73%
Tanzania
72%
San Cristóbal y Nieves
52%

Distribución de puntuación

Porcentaje por número respondido

Porcentaje de gente con cada puntuación

Historial de tus puntuaciones

No has intentado esta prueba.